000 00631nam a2200205Ia 4500
005 20250508164755.0
008 008 250505s9999 xx 000 0 eng d
020 _a978-81-8450-260-2
037 _aReference
040 _aFEDL
_beng
_cFEDL
041 _aeng
_2eng
084 _a375.115, APP/RR
_qFEDL
100 _aApple Michael W and others Ed.
_9779136
245 0 _aRoutledge international handbook of critical education
260 _aNew York, USA
_bRoutledge Taylor and Francis Group
_c2009
300 _aix,502p.
365 _aGBP
_b115
942 _cREF
_h375.115, APP/RR
999 _c1391056
_d1391056